The Think Different Quiz has been played 141,067 times (4 today)
| Number |
% Answered |
| 20 (all) | | 0.3% | | 18-19 | | 1.6% | | 16-17 | | 3.6% | | 14-15 | | 7.6% | | 12-13 | | 13.7% | | 10-11 | | 18.4% | | 8-9 | | 17.9% | | 6-7 | | 15.9% | | 4-5 | | 12.2% | | 2-3 | | 6.9% | | 1-1 | | 1.8% |
|
|
Think Different Quiz
-
- Created Sep 15, 2009 in Entertainment
- Featured Sep 16, 2009
- Game Plays 141,067
Remember, Sporcle is now...
